000 00478nam a22001697a 4500
003 OSt
005 20240828161033.0
008 240828b |||||||| |||| 00| 0 eng d
020 _a0273649302
040 _cMUST
_dMUST
100 _aDickson Tim
_919085
245 _aFinancial Times,Matering Strategy.The Complete MBA Companion in Strategy.
300 _ax,436p.
_bincludes ill.col.pictures
_c24cm.
500 _aFinance.
650 _2Mastering Strategy.
942 _2ddc
_cO_SHELF
999 _c9340
_d9340